Hall Hunter Partnership V First Secretary of State and others (Record no. 79096)

MARC details
000 -LEADER
fixed length control field 01952cab a22002175a 4500
001 - CONTROL NUMBER
control field L139824
008 - FIXED-LENGTH DATA ELEMENTS--GENERAL INFORMATION
fixed length control field 070813e20061215xxk f w 000 0 eng d
035 ## - SYSTEM CONTROL NUMBER
System control number (Sirsi) u139824
041 0# - LANGUAGE CODE
Language code of text/sound track or separate title eng
245 00 - TITLE STATEMENT
Title Hall Hunter Partnership V First Secretary of State and others
Medium [electronic resource]
260 ## - PUBLICATION, DISTRIBUTION, ETC.
Date of publication, distribution, etc. 2006
520 ## - SUMMARY, ETC.
Summary, etc. [2006] EWHC 3482 (Admin), 15 December 2006. The appellant (H) was a farming partnership which appealed against two enforcement notices served by a local authority (W). The notices related to 45 caravans being located on H?s farm for seasonal workers, and to the erection of large plastic walk-in polytunnels across the farm for growing fresh fruit. The farm was within a designated AONB. H submitted that (1) the inspector had wrongly listed the polytunnels as development, (2) that if they were classed as development then they should be classed as permitted development since their purpose was operations, not a change of use of land, and (3) that it was incorrect to say that the stationing of caravans on the farm was not permitted. "Held": (1) The size, degree of permanence and circumstances had been considered by the planning inspector. There was no conceivable error of law as to whether polytunnels represented development. (2) The inspector had characterised the activities as a use of land, not as operations, and this was correct. (3) The evidence showed that the land was in use as a caravan site beyond mere seasonal use.
650 24 - SUBJECT ADDED ENTRY--TOPICAL TERM
Topical term or geographic name entry element R V FIRST SECRETARY OF STATE AND OTHERS
650 24 - SUBJECT ADDED ENTRY--TOPICAL TERM
Topical term or geographic name entry element TOWN AND COUNTRY PLANNING (GENERAL PERMITTED DEVELOPMENT) ORDER 1995
650 24 - SUBJECT ADDED ENTRY--TOPICAL TERM
Topical term or geographic name entry element SKERRITTS OF NOTTINGHAM LTD V SOS ENVIRONMENT
650 24 - SUBJECT ADDED ENTRY--TOPICAL TERM
Topical term or geographic name entry element TOWN AND COUNTRY PLANNING ACT 1990 S55(1)
651 #4 - SUBJECT ADDED ENTRY--GEOGRAPHIC NAME
Geographic name England and Wales
Chronological subdivision 1543-
690 ## - LOCAL SUBJECT ADDED ENTRY--TOPICAL TERM (OCLC, RLIN)
Topical term or geographic name as entry element Planning and development
9 (RLIN) 6259
856 40 - ELECTRONIC LOCATION AND ACCESS
Uniform Resource Identifier <a href="https://www.bailii.org/ew/cases/EWHC/Admin/2006/3482.html">https://www.bailii.org/ew/cases/EWHC/Admin/2006/3482.html</a>
Public note View the judgement free of charge at www.bailii.org...
942 ## - ADDED ENTRY ELEMENTS (KOHA)
Suppress in OPAC 0
Holdings
Withdrawn status Lost status Source of classification or shelving scheme Damaged status Not for loan Home library Current library Shelving location Date acquired Total Checkouts Full call number Barcode Date last seen Copy number Price effective from Koha item type
    Dewey Decimal Classification     Virtual Virtual Online 13/08/2007   ONLINE PUBLICATION 139824-1001 06/08/2019 1 06/08/2019 Law report